Gaming Quiz

Random Gaming or Pokémon Quiz

Pokémon (Gen. 1) by First 3 Letters Quiz Stats

 Plays Quiz Updated Mar 19, 2021

Support Sporcle.
Go Orange.
Score 0/15 Timer 03:00
30 Plays Today
% Correct
Pikachu
95.7%
Charizard
93.2%
Jigglypuff
93.2%
Tauros
91.8%
Mewtwo
90.7%
Jolteon
89.5%
Ponyta
89.4%
Meowth
89.2%
% Correct
Machamp
89.1%
Ekans
88.6%
Exeggcute
88.5%
Lapras
87.4%
Dragonair
86.5%
Vileplume
86.3%
Horsea
83.4%

You're not logged in!

Compare scores with friends on all Sporcle quizzes.
OR
Log In

From the Vault

Roberts Who Changed the US

by DesertSpartan

We never realized how many nicknames you can get from Robert.
Remove Ads.
Support Sporcle.
Get the best of Sporcle when you Go Orange. This ad-free experience offers more features, more stats, and more fun while also helping to support Sporcle. Thank you for becoming a member.

Show Comments

Extras

Top Quizzes Today


Score Distribution

Your Account Isn't Verified!

In order to create a playlist on Sporcle, you need to verify the email address you used during registration. Go to your Sporcle Settings to finish the process.

Report this User

Report this user for behavior that violates our Community Guidelines.

Details: